Vidím ťa

Bibliographic Details
Main Author: Mackintosh, Clare, 1976- (Author)
Other Authors: Chovanová, Tamara, 1953- (Translator)
Format: Book
Language:Slovak
English
Published: Bratislava Lindeni 2020
Edition:Prvé slovenské vydanie
Subjects:

MARC

LEADER 00000cam a2200000 4500
001 vtls012007374
003 SK-MaSNL
005 20260301150224.0
008 201204s2020 xo gr 010 f slo
015 |a SNBA2021/10 
020 |a 9788056619254  |q (viazané) 
040 |a SNK  |b slo  |c SNK  |e rda 
041 1 |a slo  |h eng 
044 |a xo  |c SK 
072 7 |a 821.111-31  |x Anglická próza, anglicky písaná  |2 konspekt 
080 |a 821.111-31  |2 2011 
080 |a (0:82-312.4)  |2 2011 
100 1 |a Mackintosh, Clare,  |d 1976-  |4 aut  |9 213747 
240 1 0 |a I See You  |l Slovensky 
245 1 0 |a Vidím ťa  |c Clare Mackintosh ; z anglického originálu I See You ... preložila Tamara Chovanová 
250 |a Prvé slovenské vydanie 
264 1 |a Bratislava  |b Lindeni  |c 2020 
300 |a 382 strán  |c 20 cm 
336 |a text  |b txt  |2 rdacontent 
337 |a bez média  |b n  |2 rdamedia 
338 |a zväzok  |b nc  |2 rdacarrier 
500 |a Vydalo vydavateľstvo Lindeni v spoločnosti Albatros Media Slovakia, s.r.o. 
655 7 |a anglické romány  |2 SNKPH  |9 70428 
655 7 |a trilery (romány)  |2 SNKPH  |9 151146 
655 7 |a English fiction  |2 SNKPHeng  |9 109944 
655 7 |a Thrillers (novels)  |2 SNKPHeng  |9 310918 
700 1 |a Chovanová, Tamara,  |d 1953-  |4 trl  |9 85493 
710 2 |a Albatros Media Slovakia.  |b Lindeni  |4 pbl  |9 193326 
919 |a 978-80-566-1925-4 
958 |a LX 
958 |a UP 
968 |b ENG 
999 |c 782823  |d 784753 
952 |a SNK  |b SNK  |y PREZ  |7 0  |p 17A1454259  |o snkSC 192699  |i snk2021/5105  |8 0  |0 0  |1 0  |4 0  |d 2021-05-19  |f 1  |l 0  |r 2025-10-09 00:00:00  |w 2026-02-24 
952 |a SNK  |b SNK  |y PREZ  |7 0  |p 17A1454260  |o snkSC 192699 D1  |i snk2021/5106  |8 0  |0 0  |1 0  |4 0  |d 2021-05-19  |l 0  |r 2026-02-24 01:10:06  |w 2026-02-24